|
|
|
|
| LEADER |
00000nab a2200000 a 4500 |
| 001 |
vtls008835740 |
| 003 |
SK-MaSNL |
| 005 |
20260304144328.0 |
| 008 |
250505c2006 xo |||||||||||000 b|slo |
| 015 |
|
|
|a SNBRB2006/08
|2 snkbucl
|
| 035 |
|
|
|a (uuid)d43afd01-7220-41f7-b4aa-8f75d8126fad
|
| 035 |
|
|
|a urn:nbn:sk:snk-ab1uux
|
| 035 |
|
|
|a (urnnbn)urn:nbn:sk:snk:ar-a0105t
|
| 038 |
|
|
|a SNKBUCL
|
| 040 |
|
|
|a SNKBUCL
|b slo
|c SNKBUCL
|e AACR2
|
| 041 |
0 |
|
|a slo
|
| 044 |
|
|
|a xo
|c SK
|
| 080 |
|
|
|a 629.366.014.2:061.5
|x (437.1/.2)
|2 1997
|
| 080 |
|
|
|a 631.372:061.5
|x (437.1/.2)
|2 1997
|
| 100 |
1 |
|
|a Kukučka, Marián
|4 aut
|9 267563
|
| 245 |
1 |
0 |
|a Zetor oslavuje 60. výročie svojho vzniku
|c podľa tlačových materiálov spracoval Marián Kukučka
|
| 300 |
|
|
|b Fotogr.
|
| 610 |
2 |
7 |
|a Zetor (Brno, Česko)
|2 snkbucl
|9 845851
|
| 650 |
0 |
7 |
|a traktory
|2 snkbucl
|9 26007
|
| 773 |
0 |
|
|t Moderná mechanizácia v poľnohospodárstve
|g Roč. IX, č. 4 (2006), s. 3
|x 1335-6178
|
| 850 |
|
|
|a Slovenská národná knižnica
|
| 852 |
|
|
|a Slovenská národná knižnica
|
| 954 |
|
|
|a odborná, vedecká literatúra pôvodná (slovenská)
|2 lita
|
| 958 |
|
|
|a article27
|
| 958 |
|
|
|a CZ
|
| 958 |
|
|
|a OND
|
| 958 |
|
|
|a EUIPO
|
| 999 |
|
|
|c 2930708
|d 2932638
|